| 000 | 00410nam a2200181Ia 4500 | ||
|---|---|---|---|
| 001 | 4288 | ||
| 005 | 20260306145745.0 | ||
| 008 | 260306t2009||||xx |||||||||||||| ||spa|| | ||
| 041 | _aESP | ||
| 082 |
_a320.158 _bW26 |
||
| 100 |
_aWard, Thomas _eAUT |
||
| 245 | 0 | _aBuscando la nación peruana | |
| 260 | _c2009 | ||
| 300 |
_a239 páginas : _c |
||
| 650 | _aGEN | ||
| 654 | _aCDE | ||
| 942 |
_cLIB _dJUS _fJUS _2ddc _n |
||
| 999 |
_c4288 _d4288 |
||